书目信息 |
| 题名: |
英语惯用法手册
|
|
| 作者: | 约翰·旦南特 著 ;滕茂森 编译 | |
| 分册: | ||
| 出版信息: | 济南进修学院 1988 |
|
| 页数: | 477页 | |
| 开本: | 20cm | |
| 丛书名: | ||
| 单 册: | ||
| 中图分类: | H313.3 | |
| 科图分类: | ||
| 主题词: | 英语 | |
| 电子资源: | ||
| ISBN: | ||
| 000 | 00603nam0 2200193 450 | |
| 001 | 0656225890 | |
| 005 | 20061107153915.65 | |
| 010 | @dCNY1.50 | |
| 100 | @a20061107d1988 km y0chiy0120 ea | |
| 101 | 0 | @achi@ceng |
| 200 | 1 | @a英语惯用法手册@Aying yu guan yong fa shou ce@f(英)约翰·旦南特著@F(ying)yue han·dan nan te zhu@g滕茂森编译@Gteng mao sen bian yi |
| 210 | @c济南进修学院@d1988 | |
| 215 | @a477页@d20cm | |
| 606 | 0 | @a英语 |
| 690 | @aH313.3@v3 | |
| 701 | 0 | @a约翰·旦南特@Ayue han·dan nan te@4著 |
| 702 | 0 | @a滕茂森@Ateng mao sen@4编译 |
| 801 | 0 | @aCN@bPFT@c20061107 |
| 905 | @a10447@dH313.3@e107 | |
| 英语惯用法手册/(英)约翰·旦南特著/滕茂森编译.-济南进修学院,1988 |
| 477页;20cm |
| ISBN :CNY1.50 |
| ● |
| 相关链接 |
|
|
|
|
正题名:英语惯用法手册
索取号:H313.3/107
 
预约/预借
| 序号 | 登录号 | 条形码 | 馆藏地/架位号 | 状态 | 备注 |
| 1 | 0200336 | 001384040 | 第二样本阅览室/ [索取号:H313.3/107] | 在馆 |